000 01152nam0a22002891 4500
001 rc\4084542
005 20260601072625.0
021 _aRU
_b[52-14581]
035 _a(NLR Aleph) 008127997
090 _a9405626
_c9405626
100 _a20130415d1952 |||y0rusy50 ca
101 1 _arus
_ceng
102 _aRU
105 _aab z |||c|
200 1 _aПакистан
_eГеогр. очерк.
_fПер. с англ. Н.К. Дородницына
_gПредисл. и ред. К. Попова
_gРед. физ.-геогр. части Ю.К. Ефремова
210 _aМосква
_cИзд-во иностр. лит.
_d1952
215 _a132 с., 7 л. ил., карт.
_cкарт.
_d23
607 _aПакистан
_xГеография
_2psbo
700 1 _aПитхавалла
_bМ.
702 1 _aПопов
_bК.
_4080
_4340
702 1 _aДородницын
_bН.К.
_4730
702 1 _4070
_aЕфремов
_bЮ. К.
_cгеограф, краевед
_f1913-1999
_gЮрий Константинович
_9179708
_3RU\NLR\AUTH\770179759
801 0 _aRU
_bNLR
_gpsbo
801 1 _aRU
_bELAR
_2rusmarc
852 _aNLR
_jГ02 Г-5/155
942 _cBOOK
980 _aNB